The noble scholar, jurist, historian


 His Excellency Dr. Abdul Wahhab bin Ibrahim Abu Sulaiman, may Allah have mercy on him.


 He was born in Umm Al-Qura in the year 1356 AH.

كتاب التسهيل لعلوم التنزيل / (Record no. 519)

MARC details
000 -LEADER
fixed length control field 01112cam a22002771i 4500
003 - CONTROL NUMBER IDENTIFIER
control field SA-RiAUC
005 - DATE AND TIME OF LATEST TRANSACTION
control field 20240924135949.0
008 - FIXED-LENGTH DATA ELEMENTS--GENERAL INFORMATION
fixed length control field 240922s1936 ua g 00010 ara c
040 ## - CATALOGING SOURCE
Original cataloging agency SA-MdTU
Language of cataloging ara
Transcribing agency SA-RiAUC
Description conventions rda
082 04 - DEWEY DECIMAL CLASSIFICATION NUMBER
Classification number 227.32
Assigning agency SA-RiAUC
090 ## - LOCALLY ASSIGNED LC-TYPE CALL NUMBER (OCLC); LOCAL CALL NUMBER (RLIN)
Classification number (OCLC) (R) ; Classification number, CALL (RLIN) (NR) 227.32
Local cutter number (OCLC) ; Book number/undivided call number, CALL (RLIN) ا ب ن ج
100 1# - MAIN ENTRY--PERSONAL NAME
Personal name ابن جزي الكلبي، محمد بن أحمد بن محمد،
Dates associated with a name 693-741 هجري
Relator term مؤلف.
245 10 - TITLE STATEMENT
Title كتاب التسهيل لعلوم التنزيل /
Statement of responsibility, etc. محمد بن أحمد بن جزي الكلبي.
246 30 - VARYING FORM OF TITLE
Title proper/short title التسهيل لعلوم التنزيل
250 ## - EDITION STATEMENT
Edition statement الطبعة الأولى.
264 #1 - PRODUCTION, PUBLICATION, DISTRIBUTION, MANUFACTURE, AND COPYRIGHT NOTICE
Place of production, publication, distribution, manufacture القاهـرة :
Name of producer, publisher, distributor, manufacturer المكتبة التجارية الكبرى،
Date of production, publication, distribution, manufacture, or copyright notice [1936]
300 ## - PHYSICAL DESCRIPTION
Extent 4 مجلد في 2 ؛
Dimensions 26 سم
336 ## - CONTENT TYPE
Content type term نص
Content type code txt
Source rdacontent
Materials specified كتاب
337 ## - MEDIA TYPE
Media type term بدون وسيط
Media type code n
Source rdamedia
338 ## - CARRIER TYPE
Carrier type term مجلد
Carrier type code nc
Source rdacarrier
630 27 - SUBJECT ADDED ENTRY--UNIFORM TITLE
Uniform title القرآن
General subdivision أسباب النزول
Source of heading or term aucut
630 27 - SUBJECT ADDED ENTRY--UNIFORM TITLE
Uniform title القرآن
General subdivision تفاسير مأثورة
Source of heading or term aucut
730 22 - ADDED ENTRY--UNIFORM TITLE
Uniform title القرآن
942 ## - ADDED ENTRY ELEMENTS (KOHA)
Source of classification or shelving scheme Dewey Decimal Classification
Koha item type كتاب نادر
Suppress in OPAC No
949 ## - LOCAL PROCESSING INFORMATION (OCLC)
a SA-JeALM
d 240922
u mohamedma123
n 1
Holdings
Withdrawn status Lost status Source of classification or shelving scheme Materials specified (bound volume or other part) Damaged status Not for loan Home library Current library Date acquired Total checkouts Full call number Barcode Date last seen Price effective from Koha item type
    Dewey Decimal Classification المجلد الثالث و الرابع     DR AbdElwahab Library DR AbdElwahab Library 09/24/2024   ن 227.32 ا ب ن ج 000000737 09/24/2024 09/24/2024 Books